00334nam a2200133Ia 4500008004100000041000800041082001400049100002100063245002400084250001400108260004000122300002900162365000900191240624s9999 xx 000 0 und d aeng a658.5 TOM aTOMPKINS JAMES A aFACILITIES PLANNING a(3rd ed.) c2003aNew YorkbJohn Wiley and Sons ax, : 750 : p. : cm. ; 22 cb35